000 00438nam a22001817a 4500
003 MPLRDC
005 20220104165336.0
008 210129b ||||| |||| 00| 0 eng d
020 _a0-141-00687-0
082 _a483.8 SCH
100 _aERIC SCHLOSSER
245 _aFAST FOOD NATION
_c
250 _a第一版
260 _a
_bPENGUIN BOOKS LTD
_c2002
300 _b
650 _aFOOD INDUSTRY AND TRADE
942 _cBK
_o483.8 SCH
999 _c57409
_d57399